Propuestas históricas del pensamiento social cristiano en tiempos de crisis económica (Registro nro. 45955)
[ vista simple ]
| 000 -CABECERA | |
|---|---|
| Longitud fija campo de control | 00987naa a2200253 c 4500 |
| 001 - NÚMERO DE CONTROL | |
| Número de control | 45955 |
| 003 - IDENTIFICADOR DE NÚMERO DE CONTROL | |
| Identificador del número de control | ES-MaCES |
| 005 - FECHA Y HORA DE LA ÚLTIMA TRANSACCIÓN | |
| Fecha y hora de la última transacción | 20150615095431.0 |
| 008 - CAMPO FIJO DE DESCRIPCIÓN FIJA--INFORMACIÓN GENERAL | |
| Códigos de información de longitud fija | 150610s2014 sp ||||| t||||||| ||spa d |
| 040 ## - FUENTE DE CATALOGACIÓN | |
| Centro catalogador de origen | ES-MaCES |
| Lengua de catalogación | spa |
| Centro transcriptor | ES-MaCES |
| 100 1# - ENCABEZAMIENTO PRINCIPAL--NOMBRE PERSONAL | |
| 9 (RLIN) | 8787 |
| Nombre de persona | Camacho Laraña, Ildefonso |
| 245 10 - MENCIÓN DE TÍTULO | |
| Título | Propuestas históricas del pensamiento social cristiano en tiempos de crisis económica |
| Mención de responsabilidad, etc. | Ildefonso Camacho Laraña |
| 500 ## - NOTA GENERAL | |
| Nota general | Resumen. |
| 650 #4 - ASIENTO SECUNDARIO DE MATERIA--TÉRMINO DE MATERIA | |
| 9 (RLIN) | 27337 |
| Término de materia o nombre geográfico como elemento inicial | iglesia católica |
| 650 #4 - ASIENTO SECUNDARIO DE MATERIA--TÉRMINO DE MATERIA | |
| 9 (RLIN) | 27102 |
| Término de materia o nombre geográfico como elemento inicial | crisis económica |
| 650 #4 - ASIENTO SECUNDARIO DE MATERIA--TÉRMINO DE MATERIA | |
| 9 (RLIN) | 30600 |
| Término de materia o nombre geográfico como elemento inicial | poder empresarial |
| 650 #4 - ASIENTO SECUNDARIO DE MATERIA--TÉRMINO DE MATERIA | |
| 9 (RLIN) | 27122 |
| Término de materia o nombre geográfico como elemento inicial | doctrina económica |
| 650 #4 - ASIENTO SECUNDARIO DE MATERIA--TÉRMINO DE MATERIA | |
| 9 (RLIN) | 27032 |
| Término de materia o nombre geográfico como elemento inicial | teoría social |
| 650 #4 - ASIENTO SECUNDARIO DE MATERIA--TÉRMINO DE MATERIA | |
| 9 (RLIN) | 27251 |
| Término de materia o nombre geográfico como elemento inicial | historia |
| 653 10 - TÉRMINO DE INDEXACIÓN--NO CONTROLADO | |
| Término no controlado | Ciencias Sociales-Políticas |
| 773 0# - ENTRADA DE DOCUMENTO FUENTE | |
| Itemnumber del ítem fuente | 82486 |
| Lugar, editor y fecha de publicación | Córdoba [Escritor Castilla Aguayo, 4, 14080] INSA-ETEA |
| Otro identificador del documento | 085389 |
| Título | Revista de fomento social |
| Número de control del registro relacionado | (ES-MaCES)25471 |
| Parte(s) relacionada(s) | vol. 69, n. 273-274 (en.-jun. 2014) {10465 R. 085389} ;p. 37-63 |
| 902 ## - CES. TIPO DE DOCUMENTO | |
| Tipodoc (006$c Sirtex) | ART Artículo de revista |
| 942 ## - ELEMENTOS KOHA | |
| Fuente de clasificaión o esquema | Clasificación propia del CES |
| Koha [por defecto] tipo de item | Artículos (1982-2017) |
| Parte de clasificación | Ciencias Sociales Politicas Empresariale |
No hay ítems disponibles.
